| 000 | 00366nam a2200145Ia 4500 | ||
|---|---|---|---|
| 008 | 230917s9999||||xx |||||||||||||| ||und|| | ||
| 040 |
_e240504 _aMAIN |
||
| 041 | _aEnglish | ||
| 082 | _a547.05 J567F | ||
| 100 | _aJitender | ||
| 245 | 0 | _aFabrication and characterization of anodic oxide film on valve metals | |
| 260 | _c2016 | ||
| 300 | _a176 p. | ||
| 942 | _cTH | ||
| 999 |
_c126977 _d126977 |
||